| 000 | 01455nam a2200385 a 4500 | ||
|---|---|---|---|
| 001 | ebr10206177 | ||
| 003 | CaPaEBR | ||
| 006 | m u | ||
| 007 | cr cn||||||||| | ||
| 008 | 071004s2007 ne a sb 001 0 eng | ||
| 010 | _z 2007041393 | ||
| 020 | _z9789027210180 (hbk. : alk. paper) | ||
| 020 | _z9027210187 (hbk. : alk. paper) | ||
| 040 |
_aCaPaEBR _cCaPaEBR |
||
| 035 | _a(OCoLC)648331585 | ||
| 050 | 1 | 4 |
_aP35 _b.D46 2007eb |
| 082 | 0 | 4 |
_a306.44 _222 |
| 245 | 0 | 0 |
_aDialogue and culture _h[electronic resource] / _cedited by Marion Grein, Edda Weigand. |
| 260 |
_aAmsterdam ; _aPhiladelphia : _bJ. Benjamins Pub. Co., _cc2007. |
||
| 300 |
_axi, 262 p. : _bill. |
||
| 490 | 1 |
_aDialogue studies ; _vv. 1 |
|
| 504 | _aIncludes bibliographical references and index. | ||
| 533 |
_aElectronic reproduction. _bPalo Alto, Calif. : _cebrary, _d2013. _nAvailable via World Wide Web. _nAccess may be limited to ebrary affiliated libraries. |
||
| 650 | 0 | _aLanguage and culture. | |
| 650 | 0 | _aBiolinguistics. | |
| 650 | 0 | _aDialogue analysis. | |
| 650 | 0 | _aIntercultural communication. | |
| 650 | 0 | _aSpeech acts (Linguistics) | |
| 655 | 7 |
_aElectronic books. _2local |
|
| 700 | 1 |
_aGrein, Marion, _d1966- |
|
| 700 | 1 | _aWeigand, Edda. | |
| 710 | 2 | _aebrary, Inc. | |
| 830 | 0 |
_aDialogue studies ; _vv. 1. |
|
| 856 | 4 | 0 |
_uhttp://site.ebrary.com/lib/rucke/Doc?id=10206177 _zAn electronic book accessible through the World Wide Web; click to view |
| 999 |
_c225577 _d225577 |
||